Gesture, gender, nation (Record no. 3318)
[ view plain ]
| 000 -LEADER | |
|---|---|
| fixed length control field | 01263nam a2200313 a 4500 |
| 082 04 - DEWEY DECIMAL CLASSIFICATION NUMBER | |
| Classification number | 306.4/84 |
| 100 1# - MAIN ENTRY--AUTHOR NAME | |
| Personal name | Doi, Mary Masayo. |
| 245 10 - TITLE STATEMENT | |
| Title | Gesture, gender, nation |
| 260 ## - PUBLICATION, DISTRIBUTION, ETC. (IMPRINT) | |
| Place of publication | Westport, Conn. : |
| Name of publisher | Bergin & Garvey, |
| Year of publication | 2001. |
| 300 ## - PHYSICAL DESCRIPTION | |
| Number of Pages | xii, 151 p. : |
| Other physical details | ill. |
| 650 #0 - SUBJECT ADDED ENTRY--TOPICAL TERM | |
| Topical Term | Dance |
| Topical Term | Women |
| 856 40 - ELECTRONIC LOCATION AND ACCESS | |
| Uniform Resource Identifier | http://site.ebrary.com/lib/rucke/Doc?id=10005574 |
No items available.
